| 000 | 00480nam a22001697a 4500 | ||
|---|---|---|---|
| 003 | CEME | ||
| 005 | 20210628204026.0 | ||
| 008 | 210105b xxu||||| |||| 00| 0 eng d | ||
| 020 | _a1402077203 | ||
| 040 | _cceme | ||
| 082 | _a620.5 INT | ||
| 100 |
_aVentra, Massimiliano Di, Evoy, Stephane, Heflin, James R _968311 |
||
| 245 | _aIntroduction to nanoscale science and technology | ||
| 260 |
_aUSA _bKLUWER ACADEMIC PUBLISHERS _c2004 |
||
| 300 | _aXIII, 611P | ||
| 942 |
_cBK _2ddc |
||
| 999 |
_c575913 _d575913 |
||